000 00619cam a22002053a 4500
001 44882
003 PGUSA
005 20140828084026.0
008 140212s2014||||xxu|||||s|||||000 | eng d
040 _aPGUSA
_beng
042 _adc
100 1 _aCarter, Herbert
245 1 4 _aThe Boy Scouts Through the Big Timber :
_bOr, The Search for the Lost Tenderfoot
_h[electronic resource] /
_cHerbert Carter
260 _bProject Gutenberg,
_c2014
506 _aPublic domain in the USA.
516 _aElectronic text
830 0 _aProject Gutenberg
_v44882
856 4 0 _uhttp://www.gutenberg.org/ebooks/44882
942 _cEB
999 _c274133
_d274133